| 000 | 01691cam a2200313 i 4500 | ||
|---|---|---|---|
| 999 |
_c27609 _d27609 |
||
| 001 | 1767881 | ||
| 003 | OSt | ||
| 005 | 20170209114125.0 | ||
| 008 | 761123s1976 ctua 000 0 eng | ||
| 010 | _a 76380369 | ||
| 040 |
_aDLC _cDLC _dDLC |
||
| 043 | _an-us-ct | ||
| 050 | 0 | 0 | _aNA730.C8K38 1976 |
| 082 | 0 | 0 | _a720/.9746 |
| 100 | 1 |
_aKeith, Elmer D. _q(Elmer Davenport) _d1976- |
|
| 245 | 1 | 0 |
_aSome notes on early Connecticut architecture / _cby Elmer D. Keith & The nomenclature of rooms in the 17th and 18th century Connecticut house / by Frédéric C. Palmer ; edited by Arthur W. Leibundguth. |
| 250 | _a2d. ed., rev. and enl. | ||
| 260 |
_aHartford : _bAntiquarian & Landmarks Society, inc., of Connecticut, _c1976. |
||
| 300 |
_ax, 48 p. : _bill. ; _c23 cm. |
||
| 500 | _a"Some notes on early Connecticut architecture ... first published in 1938 by the Prospect Press for the Antiquarian & Landmarks Society, Inc., of Connecticut." "The nomenclature of rooms in the 17th and 18th century Connecticut house ... first published in the Connecticut antiquarian, 15 (July, 1963): 18-20." | ||
| 650 | 0 |
_aArchitecture, Colonial _zConnecticut. |
|
| 650 | 0 |
_aArchitecture _zConnecticut _xHistory _y17th century. |
|
| 650 | 0 |
_aArchitecture _xConnecticut _xHistory _y18th century. |
|
| 650 | 0 |
_aArchitecture _zConnecticut _xHistory _y19th century. |
|
| 650 | 0 |
_aArchitecture, Domestic _zConnecticut _xTerminology. |
|
| 700 | 1 | 2 |
_aPalmer, Frédéric C. _tNomenclature of rooms in the 17th and 18th century Connecticut house. _f1976. |
| 906 |
_a7 _bcbc _corignew _d2 _encip _f19 _gy-gencatlg |
||
| 942 |
_2lcc _cBOOKS _hNA730.C8K38 1976 _k34877 |
||